00507nam a2200181 a 4500001001300000003000900013005001700022008004100039020002300080082001800103100002600121245006800147260003100215300000900246500003500255505001000290650002500300nice12345678IN_TiNIC20260116014057.0050524s2002 lona grp 000 0 eng  a184331X c55000a954.0072bGUP aGupta, Partha Sarathi aPower, Politics and the Peopleb Studies in British Imperialism aLondonbAnthem Pressc2002 a528p aincludes index and biblioraphy2 aIndex aIndia-Historiography